000 01179nam a2200313 i 4500
001 000005580
003 DO-SdBNP
005 20251217122150.0
007 ta
008 090820s1979 dr r 000 0 spa d
040 _aDO-SdBNP
_bspa
_cBNPHU
_erda
041 _aspa
082 4 _a342.729306
_bM948d
_222
100 1 _aMueses Henríquez, René
_eautor
_4aut.
_915766
245 1 0 _aDerecho administrativo dominicano /
_cRené Mueses Henríquez.
264 _aSanto Domingo :
_bLibrería y papelería La Filantropica,
_c1979.
300 _a268, [38] páginas ;
_c24 cm.
336 _atexto
_btxt
_2rdacontent
337 _asin mediación
_bn
_2rdamedia
338 _avolumen
_bnc
_2rdacarrier
500 _aIncluye en anexo: Ley 1491 De servicio civil y carrera administrativa -- Ley 1494 que instituye la jurisdicción contencioso-administrativa
590 _aInventariado, 2018/VM
650 4 _aDerecho administrativo
_zRepública Dominicana
_91203
650 4 _aDerecho administrativo
_xLegislación
_915767
650 4 _aCarrera administrativa
_915768
650 0 _aAdministración pública
_99266
910 _aValidado. Control de calidad. MMOLINA
942 _2ddc
_cLBS1
999 _c5379
_d5379